000 00543cam a22001934a 4500
005 20250605164154.0
008 250528s ||||||||||||||||||||||||d
035 _a19505
020 _a9603446157
040 _aGR-AtMCL
_bgre
_dGR-AtMCL
_eAACR2
245 1 _aΒΙΟΛΟΓΙΚΟ ΦΥΛΟ, ΚΟΙΝΩΝΙΚΟ ΦΥΛΟ ΚΑΙ ΤΑΥΤΟΤΗΤΑ ΤΟΥ ΕΓΩ
250 _a1
260 _bΕλληνικά Γράμματα,
_c1998
300 _a76
700 1 _aTurner Patricia J
_95750
942 _cBK
999 _c4761
_d4761